Introducing postmodernism / (Record no. 3701)
[ view plain ]
| 000 -LEADER | |
|---|---|
| fixed length control field | 01181cam a2200301 a 4500 |
| 001 - CONTROL NUMBER | |
| control field | 2563265 |
| 005 - DATE AND TIME OF LATEST TRANSACTION | |
| control field | 20170801124918.0 |
| 008 - FIXED-LENGTH DATA ELEMENTS--GENERAL INFORMATION | |
| fixed length control field | 950927s1995 nyua b 000 0 eng |
| 010 ## - LIBRARY OF CONGRESS CONTROL NUMBER | |
| LC control number | 95060971 |
| 020 ## - INTERNATIONAL STANDARD BOOK NUMBER | |
| International Standard Book Number | 1874166218 |
| 040 ## - CATALOGING SOURCE | |
| Original cataloging agency | DLC |
| Transcribing agency | DLC |
| Modifying agency | DLC |
| 050 00 - LIBRARY OF CONGRESS CALL NUMBER | |
| Classification number | B831.2 |
| Item number | .A65 1995 |
| 082 00 - DEWEY DECIMAL CLASSIFICATION NUMBER | |
| Classification number | 149/.97 |
| Edition number | 21 |
| 100 1# - MAIN ENTRY--PERSONAL NAME | |
| Personal name | Appignanesi, Richard. |
| 9 (RLIN) | 34235 |
| 245 10 - TITLE STATEMENT | |
| Title | Introducing postmodernism / |
| Statement of responsibility, etc | Richard Appignanesi and Chris Garratt ; with Ziauddin Sardar and Patrick Curry. |
| 260 ## - PUBLICATION, DISTRIBUTION, ETC. (IMPRINT) | |
| Place of publication, distribution, etc | New York, NY : |
| Name of publisher, distributor, etc | Totem Books ; |
| Place of publication, distribution, etc | Lanham, Md. : |
| Name of publisher, distributor, etc | Distributed to the trade in the U.S. by National Book Network, |
| Date of publication, distribution, etc | 1995 |
| Date of manufacture | (1996 printing) |
| 300 ## - PHYSICAL DESCRIPTION | |
| Extent | 173, [2] p. : |
| Other physical details | ill. ; |
| Dimensions | 21 cm. |
| 504 ## - BIBLIOGRAPHY, ETC. NOTE | |
| Bibliography, etc | Includes bibliographical references (p. [174]-[175]). |
| 650 #0 - SUBJECT ADDED ENTRY--TOPICAL TERM | |
| Topical term or geographic name as entry element | Postmodernism |
| General subdivision | Miscellanea. |
| 9 (RLIN) | 34236 |
| 650 #0 - SUBJECT ADDED ENTRY--TOPICAL TERM | |
| Topical term or geographic name as entry element | Philosophy, Modern |
| Chronological subdivision | 20th century |
| General subdivision | Miscellanea. |
| 9 (RLIN) | 34237 |
| 700 1# - ADDED ENTRY--PERSONAL NAME | |
| Personal name | Garratt, Chris. |
| 9 (RLIN) | 34238 |
| 700 1# - ADDED ENTRY--PERSONAL NAME | |
| Personal name | Sardar, Ziauddin. |
| 9 (RLIN) | 34239 |
| 700 1# - ADDED ENTRY--PERSONAL NAME | |
| Personal name | Curry, Patrick, |
| Dates associated with a name | 1951- |
| 9 (RLIN) | 34240 |
| 906 ## - LOCAL DATA ELEMENT F, LDF (RLIN) | |
| a | 7 |
| b | cbc |
| c | orignew |
| d | 2 |
| e | opcn |
| f | 19 |
| g | y-gencatlg |
| 942 ## - ADDED ENTRY ELEMENTS (KOHA) | |
| Source of classification or shelving scheme | Library of Congress Classification |
| Item type | Monograph ( Printed materials) |
| Withdrawn status | Lost status | Source of classification or shelving scheme | Damaged status | Not for loan | Collection code | Home library | Current library | Shelving location | Date acquired | Total Checkouts | Full call number | Barcode | Date last seen | Copy number | Price effective from | Koha item type |
|---|---|---|---|---|---|---|---|---|---|---|---|---|---|---|---|---|
| Library of Congress Classification | Main Collection | ARRUPE LIBRARY | ARRUPE LIBRARY | 27/02/2013 | B831.2.A65 | 46405554 | 27/02/2013 | 1 | 27/02/2013 | Monograph ( Printed materials) |